Systém Pro/ENGINEER ako prostriedok pre počítačom podporovanú výrobu a jeho možnosti v oblasti Internetu : Diplomová práca

Salvato in:
Dettagli Bibliografici
Autore principale: Plevko, Jaroslav (Autore)
Altri autori: Masár, Ladislav (xxx)
Natura: Manoscritto Libro
Lingua:slovacco
Pubblicazione: Trnava : STU v Bratislave MtF KAIA, 2002
Soggetti:
Tags: Aggiungi Tag
Nessun Tag, puoi essere il primo ad aggiungerne!!

MARC

LEADER 00000ntm a22000003a 4500
001 stu77802
005 20160719155013.4
008 021104s2002----xo------------------slo-d
040 |a STU  |b slo 
041 0 |a slo 
044 |a xo 
100 1 |a Plevko, Jaroslav  |4 aut 
245 1 |a Systém Pro/ENGINEER ako prostriedok pre počítačom podporovanú výrobu a jeho možnosti v oblasti Internetu :  |b Diplomová práca 
260 |a Trnava :  |b STU v Bratislave MtF KAIA,  |c 2002 
300 |a 71 s  |c abstr. + CD 
650 7 |a počítačom podporovaná výroba  |2 stusub 
650 7 |a internetové aplikácie  |2 stusub 
650 7 |a Aplikovaná informatika  |2 stusub 
700 1 |a Masár, Ladislav  |4 xxx  |u M180  |U MTF Materiálovotechnologická fakulta  |T MTF Katedra aplikovanej informatiky a automatizácie  |U M180  |Y 166